000 02311cam a2200373 i 4500
999 _c65675
_d65675
001 768714001
003 CO-MdFUSB
005 20200722170640.0
007 ta
008 801030s1980 nyua b 001 0 eng
010 _a 80132792
020 _a0871963345 :
_c$29.95
040 _aDLC
_cCO-MdFUSB
_dDLC
_dCO-MdFUSB
_bspa
_erda
041 _aeng
043 _af-ua---
051 _aG2490
_b.B3 1980
_cCopy 2.
082 0 0 _a932.0109
_223
_bB162
100 1 _aBaines, John,
_d1946-
_eautor
245 1 0 _aAtlas of ancient Egypt
_c / John Baines , Jaromír Málek.
264 1 _aNew York. :
_bFacts on File Publications,
_c[1980]
264 4 _c© 1980
300 _a240 páginas
_bilustraciones
_c; 31 cm.
336 _2rdacontent
_atexto
_btxt
337 _2rdamedia
_asin mediación
_bn
338 _2rdacarrier
_avolumen
_bnc
504 _aIncluye referencias bibliográficas páginas 231-232.
505 _aEl entorno cultural. -- La geografía del antiguo Egipto. -- El estudio del antiguo Egipto. -- El trasfondo histórico. -- Reyes de Egipto - Galería de reyes. -- Arte y arquitectura. -- Convenciones de representación. -- Estelas sepulcrales. -- Un viaje abajo. --Barcos en el Nilo. -- Alto Egipto meridional . -- Tebas John Gardner Wilkinson en Tebas. -- Alto Egipto septentrional - Egipto medio -Memphis -Las pirámides: tipos y construcción -Bajo Egipto - El Delta -Nubia -Regiones periféricas -Aspectos de la sociedad egipcia -Vida cotidiana -Escribas y escritos - El ejército -Mujeres y hombres -Religión -El panteón egipcio -Costumbres funerarias -Egipto en el arte occidental, por Helen Whitehouse -Museos con colecciones egipcias -El entorno geográfico de Egipto -El nominados del Alto Egipto -Los nominados del Bajo Egipto -Densidad de población en el valle del Nilo -Topografía del delta -Recursos naturales del antiguo Egipto -Viajeros a Egipto y Sudán antes de 1800 -Egipto predinástico y dinastico temprano -El segundo área de cataratas en tiempos predinásticos -Egipto en el Reino Antiguo y primer período intermedio -Egipto en el Reino Medio y Segundo Período Intermedio.
651 0 _aEgipto.
_xHistoria temprana.
_vAtlas
700 1 _aMálek, Jaromír,
_eautor
942 _cBK
945 _aJTF-925